000 00433nam a22001697a 4500
005 20230314141724.0
008 160120b xxu||||| |||| 00| 0 eng d
020 _cRs.5
040 _aLoreto College
082 _a891.44
_bDEB
100 _aDeb, Toilokyonath
_qToilokyonath Deb
245 _aAtiter brahmosamaj
_cToilokyonath Deb
260 _aKolkata
_bSadharan brahmosamaj
650 _aBengali
850 _aLCLIB
942 _cBK
999 _c40402
_d90881